000 00890cab a2200253 4500
001 ABS57984
008 090401t1997 xxu||||| |||| 00| 0 eng d
035 _a(Sirsi) u82154
041 _aeng
100 _aAkenhead, R.
245 _aUp hill and down dale
260 _c1997
350 _a0
490 _aBuilding
_v262(44) 7 November 1997, 41(1)
520 _aConsiders the legal issues of working on sites uphill or downhill of another`s property, as recently illustrated in the case of "Holbeck Hall Hotel Ltd v Scarborough BC." X87130 and the potential liability for work which might cause collapses, subsidence or landslip.
650 _aDUTY OF CARE
650 _aHOLBECK HALL HOTEL LTD AND ANOTHER V SCARBOROUGH BC
650 _aLANDSLIPS
650 _aLIABILITY
650 _aSUBSIDENCE
690 _aPROPERTY LAW AND PRACTICE
942 _n0
948 _c17/11/1997
999 _c51822
_d51822